| 000 | 00412nam a2200157Ia 4500 | ||
|---|---|---|---|
| 008 | 230711s9999||||xx |||||||||||||| ||und|| | ||
| 041 | _aENG | ||
| 082 |
_a20 _bSH-N |
||
| 100 | _aSharma,UC | ||
| 245 | 0 | _aNetting objective tests in Library and Information Science | |
| 250 | _a1st | ||
| 260 |
_c1995 _aNew Delhi _bEss Ess Publication |
||
| 300 | _a184 | ||
| 650 | _aLibrary and Information Science | ||
| 942 | _cBK | ||
| 999 |
_c3448 _d3448 |
||